000 00322nam a2200145Ia 4500
008 221030s9999 xx 000 0 und d
041 _aEnglish
082 _a105.23
_bEve
100 _aG. C. Everest
245 0 _aDatabase Management
260 _bTMH
_aNew Delhi
_c2001
300 _a816
650 _aCOMPUTERS
942 _cBK
999 _c89
_d89